TV Character Name Game Quiz Stats

 Plays Quiz Updated Feb 4, 2019

Support Sporcle.
Go Orange.
Score 0/30 Timer 06:00
0 Plays Today
% Correct
Chandler
93.9%
Leonard
82.3%
Banks
82.3%
Stinson
81.9%
Elaine
81.1%
Ricardo
80.5%
Tanner
79.3%
Cleaver
76.3%
Heathcliff
74.4%
Barney
73.9%
Ralph
71.6%
Lemon
71.6%
Michael
71.2%
Scott
71.1%
Jethro
68.3%
% Correct
Cooper
65.3%
Stephens
65.3%
Felix
65%
Thurston
64.4%
Roz
64.1%
Bluth
63.5%
Louie
59.3%
Pritchett
59.2%
Ted
57.8%
Tom
54.3%
Reid
54.2%
Snow
50.4%
Bartowski
48.1%
Feeney
43.7%
Winger
41.9%

From the Vault

Madden NFL Cover Athletes in Order

by SporcleEXP

Gaming 5m
Sorry, but you can't "Ask Madden" for help here.
Remove Ads.
Support Sporcle.
Get the best of Sporcle when you Go Orange. This ad-free experience offers more features, more stats, and more fun while also helping to support Sporcle. Thank you for becoming a member.

Show Comments

Extras

Top Quizzes Today


Score Distribution

Your Account Isn't Verified!

In order to create a playlist on Sporcle, you need to verify the email address you used during registration. Go to your Sporcle Settings to finish the process.

Report this User

Report this user for behavior that violates our Community Guidelines.

Details: